00586nam a2200169Ia 4500008004100000020001500041041001200056082001600068100002200084245006800106260002500174300000800199650001600207942000700223999001500230952017100245221030s9999 xx 000 0 und d a8120316703 aEnglish a105.23bHaw aI. Hawryszkiewycz 0aIntroduction to Systems Analysis & Designcby I. Hawryszkiewycz bPHIaNew Delhic2000 a484 aBE Computer cBK c1001d1001 pBE 3658g195.00l0o105.23 Hawr2022-10-30 00:00:00w2022-10-30yBK003Print4070aMIETLIBbMIETLIBcBL-Academic Block C, FL-2, CUP-85, SH-4, R-4d2001-04-0710HBE